000 00875njm a22002417a 4500
005 2010090906206.0
007 sd ammalaaahaa
008 100830t xxu||||| |||| 00| 0 hin d
028 _aOXJE. 820
_bAngel Records
035 _aGR-01471
040 _aSED/VEN
100 _917458
_aMangeshkar, Lata
245 _aTere ghar ke samne bhag 1 & bhag 2 /
_h[Sound recording] :
_cby Lata Mangeshker & Mohd. Rafi ; liric Hasrat jaipuri
260 _aDum Dum, India
_bAngel Records
_cn. d.
300 _a1 Sound disc [Gramophone Record] :
_banalog, 33 1/3 rpm
_c10 in (LP)
_fGramophone Records
500 _aBrief record
650 _aClassical Music
_91186
_zIndia
_xExcerpts
700 _917459
_aMohd. Rafi
700 _918822
_aHasrat jaipuri
700 _918873
942 _2ddc
_cGR
999 _c44816
_d44816